Biological control of weeds with plant pathogens /
Guardado en:
| Otros Autores: | , |
|---|---|
| Formato: | Libro |
| Idioma: | English |
| Publicado: |
New York :
Wiley,
c1982.
|
| Materias: | |
| Etiquetas: |
Agregar Etiqueta
Sin Etiquetas, Sea el primero en etiquetar este registro!
|
| LEADER | 00859cam a2200253 a 4500 | ||
|---|---|---|---|
| 001 | EEA.libagro010079 | ||
| 005 | 20190509121500.0 | ||
| 008 | 820125s1982####nyua#####b####001#0#eng## | ||
| 010 | |a 82001879 | ||
| 020 | |a 0471085987 | ||
| 040 | |a DLC |c DLC |d DLC | ||
| 050 | 0 | 0 | |a SB611.5 |b .B56 1982 |
| 082 | 0 | 0 | |a 632.58 |
| 245 | 0 | 0 | |a Biological control of weeds with plant pathogens / |c edited by R. Charudattan, H.L. Walker. |
| 260 | |a New York : |b Wiley, |c c1982. | ||
| 300 | |a xiii, 293 p. : |b il. ; |c 24 cm. | ||
| 500 | |a "A Wiley-Interscience publication." | ||
| 504 | |a Incluye referencias bibliográficas e índices. | ||
| 650 | 0 | |a Plaguicidas microbianos |2 agrovoc | |
| 650 | 0 | |a Malezas |2 agrovoc | |
| 650 | 7 | |a Control biológico |2 agrovoc | |
| 700 | 1 | |a Charudattan, R. | |
| 700 | 1 | |a Walker, H. L. |q (H. Lynn) | |
| 859 | |a AR-BbBCA |b BIB. AGRONOMIA |h 632.58 |i C486 |p 1988/1145 | ||
